000 00809nam a2200205 a 4500
008 150223s2011 ||||||||||||||||| || u
020 _a9781848601895
050 _aRA 440.85 Kos
100 _aKoshy, Elizabeth
245 1 0 _aAction research in healthcare
_cBy Elizabeth Koshy, Valsa Koshy [and] Heather Waterman
260 _aLos Angeles
_bSAGE Publications
_c2011
300 _axiv, 185p.
350 _a43.38
650 _aQUALITY IMPROVEMENT
650 _aACTION RESEARCH IN PUBLIC HEALTH
650 3 _aRESEARCH DESIGN
650 _aHEALTH SERVICES RESEARCH--METHODS
650 _aDATA COLLECTION--METHODS
995 _aMICHAEL CHILUFYA SATA OPEN ACCESS
_e902917
_FCBU-SCHOOL OF MEDICINE LIBRARY (Ndola)
_I43.38
_jRA 440.85 Kos
_M1
_UAVAILABLE
_WMar 17, 2015
_y902917
_ZMedical Library Open Access Collection
999 _c30696
_d30696